| 000 | 00848nas a2200277 4500 | ||
|---|---|---|---|
| 001 | BR2010005568 | ||
| 003 | BR-BrBNA | ||
| 005 | 20231205114817.0 | ||
| 007 | ta | ||
| 008 | 230509b bl.|||p| |||| 00| 00por d | ||
| 040 |
_aBR-BrBNA _bpor _cBiblioteca Nacional de Agricultura |
||
| 041 | _a(Pt) | ||
| 072 | _aL40 | ||
| 100 | 1 | _aMoraes, C. | |
| 100 | 1 | _aBaraldi-Artoni, S.M. | |
| 100 | 1 | _aPacheco, M.R. | |
| 100 | 1 | _aNishizawa, M. | |
| 100 | 1 | _aNakaghi, L.S.O. | |
| 245 | 1 | _aMorfologia e histologia do oviduto de marrecas Ana boschas | |
| 650 | _aMARRECO | ||
| 650 | _aMORFOLOGIA ANIMAL | ||
| 650 | _aHISTOLOGIA ANIMAL | ||
| 773 | 0 |
_tArquivo Brasileiro de Medicina Veterinária e Zootecnia (Brazil) _xISSN 0102-0935 _g(Apr 2010), v. 62(2) p. 293-301 _wBR2010005568 |
|
| 909 |
_a202311 _bLúcia _c55 _dLúcia Elande |
||
| 942 |
_2AGRIS _n0 _cANA |
||
| 999 |
_c210614 _d210614 |
||